| 000 | 00385cam a22001217a 4500 | ||
|---|---|---|---|
| 008 | 180718b1980 xxu||||| |||| 00| 0 eng d | ||
| 082 | _aA81x54 In2/71/15/Pt4 | ||
| 100 | _aCensus of India 1971 | ||
| 245 | _aNagaland: housing report and tables | ||
| 260 |
_aDelhi _bThe Controller of Publications _c1980 |
||
| 300 | _a132+p. | ||
| 440 | _aCensus of India 1971. Series-15, Nagaland. Part IV | ||
| 999 |
_c485461 _d485461 |
||